000 00656 a2200181 4500
003 Nust
005 20170207153220.0
040 _cNust
082 _a621.382
100 _aSheikh, Muhammad Yousaf (MSEE-10)
245 _aUltra wideband performance in single band / multiband UWB systems
_cMuhammad Yousaf Sheikh
260 _bMCS,NUST
_c2008
_aRawalpindi
300 _a57, p.;
505 _aIntroduction (page-1) UWB technology (page-4) Properties of UWB system (page-9) UWB communication system (page-18) UWB system architecture (page-27) Results and discussion (page-34).
538 _aAlmirah No 69 Shelf No 2
650 _aMSEE Thesis
651 _aMSEE-10
942 _cTHS
999 _c181768
_d181768